| 000 | 01153cab a2200397 4500 | ||
|---|---|---|---|
| 001 | ABS49942 | ||
| 008 | 090401t1994 xxu||||| |||| 00| 0 eng d | ||
| 035 | _a(Sirsi) u73419 | ||
| 041 | _aeng | ||
| 245 | _aFocus `94: Hertfordshire | ||
| 260 | _c1994 | ||
| 350 | _a0 | ||
| 490 |
_aEstates Gazette _v(9403) 22 January 1994, 75-112(19) |
||
| 650 | _aA1(M) CORRIDOR | ||
| 650 | _aA10 CORRIDOR | ||
| 650 | _aBISHOPS STORTFORD | ||
| 650 | _aBOREHAMWOOD | ||
| 650 | _aGARDINER AND THEOBALD TENDER PRICE INDICATOR | ||
| 650 | _aGLAXO | ||
| 650 | _aHATFIELD | ||
| 650 | _aHEMEL HEMPSTEAD | ||
| 650 | _aHERTFORD | ||
| 650 | _aHERTFORDSHIRE DEVELOPMENT ORGANISATION | ||
| 650 | _aHERTFORDSHIRE | ||
| 650 | _aINDUSTRIAL MARKET | ||
| 650 | _aM1 CORRIDOR | ||
| 650 | _aPROPERTY-COMMERCIAL PROPERTY-OFFICE PROPERTY-OFFICE PROPERTY MARKET | ||
| 650 | _aPROPERTY-COMMERCIAL PROPERTY-RETAIL PROPERTY-RETAIL PROPERTY MARKET | ||
| 650 | _aST ALBANS | ||
| 650 | _aSTEVENAGE | ||
| 650 | _aTENDER PRICES | ||
| 650 | _aWATFORD | ||
| 690 | _aPROPERTY-COMMERCIAL PROPERTY-COMMERCIAL PROPERTY MARKET | ||
| 942 | _n0 | ||
| 948 | _c04/03/1997 | ||
| 999 |
_c46417 _d46417 |
||